Pirates of the Caribbean: Ships - Statistics

General Stats
  • This quiz has been taken 254 times
  • The average score is 5 of 17
Answer Stats
Hint Answer % Correct
The Fastest Ship, charred and blackened Black Pearl
100%
Legendary Ship of Davy Jones Flying Dutchman
82%
The fastest ship in the Royal Navy Interceptor
62%
Blackbeard's Ship Queen Anne's Revenge
58%
The "Powers" of Port Royal Dauntless
35%
First Rate ship of the East India Trading Company Endeavour
29%
Spanish Ship cursed by the Devil's Triangle Silent Mary
27%
Sloop used by Jack to find the Trident of Poseidon Dying Gull
23%
Former ship of Jack Sparrow, burned and sunk by Cutler Beckett Wicked Wench
19%
Sao Feng's flagship Empress
14%
Merchant ship that gets destroyed by the Kraken Edinburgh Trader
11%
Royal Navy ship used by Privateer Captain Barbossa Providence
11%
Juan Ponce De León's ship Santiago
11%
Royal Navy ship that sailed into the Devil's Triangle Monarch
10%
Tai Huang's ship Hai Peng
8%
Royal Navy ship used to find the Trident of Posiedon Essex
7%
Captain Edward Teague's ship Misty Lady
6%
No matching quizzes found
Score Distribution
Percent of People with Each Score
Percentile by Number Answered
Your Score History
You have not taken this quiz